• 首页
  • 本馆介绍
  • 公告通知
  • 最新文献
  • 馆藏检索
  • 电子资源
  • 读者导购
  • 参考咨询
  • 我的图书馆
  • 登录
  • 详细信息显示
  • 放入我的书架
  • 预约/预借图书
  • 作者相关作品
  • 分类相关作品
  • 丛书相关作品
  • 出版社相关作品

书目信息

  • 表格格式
  • 工作单格式
  • 卡片格式
题名:
兰花栽培入门
    
 
作者: 卢思聪 编著
分册:  
出版信息: 北京   金盾出版社  1990.09
页数: 138页
开本: 19cm
丛书名:
单 册:
中图分类: S682.31
科图分类:
主题词: 观赏园艺 , 花卉 , 园林树木
电子资源:
ISBN: 7-80022-188-1
000 00580nam0 2200217 450
001 0733245826
005 20071212091811.25
010    @a7-80022-188-1@dCNY4.50
100    @a20071212d1990 km y0chiy0120 ea
101 0  @achi
102    @aCN@b110000
200 1  @a兰花栽培入门@Alan hua zai pei ru men@f卢思聪编著@Flu si cong bian zhu
210    @a北京@c金盾出版社@d1990.09
215    @a138页@d19cm
606 0  @a观赏园艺
606 0  @a花卉
606 0  @a园林树木
690    @aS682.31@v4
701  0 @a卢思聪@Alu si cong@4编著
801  0 @aCN@bPFT@c20071212
905    @aBZT@dS682.31@e21
    
    兰花栽培入门/卢思聪编著.-北京:金盾出版社,1990.09
    138页;19cm
    
    
    ISBN 7-80022-188-1:CNY4.50
    
●
相关链接 在五车中查询图书 在当当中查询图书 在豆瓣中查询图书


正题名:兰花栽培入门     索取号:S682.31/21         预约/预借

序号 登录号 条形码 馆藏地/架位号 状态 备注
1 001728   220000050   中心书库中库/ 中库032架A面5列4层46/ [索取号:S682.31/21] 在馆    
2 001729   220000049   中心书库中库/ 中库032架A面5列4层43/ [索取号:S682.31/21] 在馆    
3 001730   220000048   中心书库中库/ 中库032架A面5列4层45/ [索取号:S682.31/21] 在馆    
4 001731   220000047   中心书库中库/ 中库032架A面5列4层47/ [索取号:S682.31/21] 在馆    
5 001732   220000045   中心书库中库/ 中库032架A面5列4层48/ [索取号:S682.31/21] 在馆    
6 001733   220000046   中心书库中库/ 中库032架A面5列4层51/ [索取号:S682.31/21] 在馆    
7 001734   220000052   中心书库中库/ 中库032架A面5列4层44/ [索取号:S682.31/21] 在馆    
8 001735   220000044   中心书库中库/ 中库032架A面5列4层50/ [索取号:S682.31/21] 在馆    
9 001736   220000051   中心书库中库/ 中库032架A面5列4层42/ [索取号:S682.31/21] 在馆    
10 001737   220000043   中心书库中库/ 中库032架A面5列4层49/ [索取号:S682.31/21] 在馆    
11 072453   200830468   中心书库中库/ 中库032架A面5列4层37/ [索取号:S682.31/21] 在馆    
12 072454   200830495   中心书库中库/ 中库032架A面5列4层59/ [索取号:S682.31/21] 在馆    
13 072455   200830486   中心书库中库/ 中库032架A面5列4层58/ [索取号:S682.31/21] 在馆    
14 072456   200830510   中心书库中库/ 中库032架A面5列4层60/ [索取号:S682.31/21] 在馆    
15 072457   200830501   中心书库中库/ 中库032架A面5列4层56/ [索取号:S682.31/21] 在馆    
16 072458   200830538   中心书库中库/ 中库032架A面5列4层62/ [索取号:S682.31/21] 在馆    
17 072459   200830529   中心书库中库/ 中库032架A面5列4层64/ [索取号:S682.31/21] 在馆    
18 072460   200830556   中心书库中库/ 中库032架A面5列4层61/ [索取号:S682.31/21] 在馆    
19 072461   200830547   中心书库中库/ 中库032架A面5列4层34/ [索取号:S682.31/21] 在馆    
20 072462   200830574   中心书库中库/ 中库032架A面5列4层35/ [索取号:S682.31/21] 在馆    
21 072463   200830565   中心书库中库/ 中库032架A面5列4层39/ [索取号:S682.31/21] 在馆    
22 072464   200830592   中心书库中库/ 中库032架A面5列4层38/ [索取号:S682.31/21] 在馆    
23 072465   200830618   中心书库中库/ 中库032架A面5列4层52/ [索取号:S682.31/21] 在馆    
24 072466   200830583   中心书库中库/ 中库032架A面5列4层57/ [索取号:S682.31/21] 在馆    
25 072467   200830609   中心书库中库/ 中库032架A面5列4层63/ [索取号:S682.31/21] 在馆    
26 072468   200830627   中心书库中库/ 中库032架A面5列4层53/ [索取号:S682.31/21] 在馆    
27 072469   200830636   中心书库中库/ 中库032架A面5列4层40/ [索取号:S682.31/21] 在馆    
28 072470   200830654   中心书库中库/ 中库032架A面5列4层55/ [索取号:S682.31/21] 在馆    
29 072471   200830645   中心书库中库/ 中库032架A面5列4层54/ [索取号:S682.31/21] 在馆    
山东省滨州职业学院图书馆 欢迎您!
大连网信软件有限公司© 版权所有